00829cam a22002774a 45000010009000000050017000090080041000260100017000670160020000840200034001040200037001380200034001750200037002090350023002460350020002690400059002890410008003480420008003560600024003640800014003880820018004021000006004201010008004262400029004342450088004631454654020171221082817.0060907s2007 gw a f 001 0 eng  a 20060297877 a1012868782DNLM a3131261625 (GTV : alk. paper) a9783131261625 (GTV : alk. paper) a1588905551 (TNY : alk. paper) a9781588905550 (TNY : alk. paper) a(OCoLC)ocm71328350 a(OCoLC)71328350 aDNLM/DLCcDLCdYDXdNLMdBAKERdJDRdYDXCPdBTCTAdDLC1 aeng apcc10aWW 140bL269a 2007a a617.7 LAN00a617.7 LAN2221 a8 aOFT10aAugenheilkunde.lEnglish10aOphthalmology :cGerhard K. Lang ; with contributions by Oskar Gareis ... [et al.].